Lahore mein madfon mashaheer/ (Record no. 330640)

000 -LEADER
fixed length control field nam a22 7a 4500
003 - CONTROL NUMBER IDENTIFIER
control field NUST
005 - DATE AND TIME OF LATEST TRANSACTION
control field 20170726194917.0
008 - FIXED-LENGTH DATA ELEMENTS--GENERAL INFORMATION
fixed length control field 170726b xxu||||| |||| 00| 0 eng d
040 ## - CATALOGING SOURCE
Transcribing agency NUST
082 ## - DEWEY DECIMAL CLASSIFICATION NUMBER
Classification number 920.14
Author Mark SHA
100 ## - MAIN ENTRY--PERSONAL NAME
Personal name Shahid, M R
9 (RLIN) 3594
245 ## - TITLE STATEMENT
Title Lahore mein madfon mashaheer/
Statement of responsibility, etc. by M R Shahid
260 ## - PUBLICATION, DISTRIBUTION, ETC.
Place of publication, distribution, etc. Lahore:
Name of publisher, distributor, etc. Al-Faisal nashran,
Date of publication, distribution, etc. 2008
300 ## - PHYSICAL DESCRIPTION
Extent 360 p.
500 ## - GENERAL NOTE
General note Biographies
546 ## - LANGUAGE NOTE
Language note In Urdu
650 ## - SUBJECT ADDED ENTRY--TOPICAL TERM
Topical term or geographic name entry element Biographies
9 (RLIN) 3595
880 ## - ALTERNATE GRAPHIC REPRESENTATION
Linkage 100-01\(3\r
Title ایم آر شاہد
880 ## - ALTERNATE GRAPHIC REPRESENTATION
Linkage 245-02\(3\r
Title لاہور میں مدفون مشاہیر
c ایم آر شاہد
880 ## - ALTERNATE GRAPHIC REPRESENTATION
Linkage 260-03\(3\r
Title لاہور:
b الفیصل ناشران و تاجران،
c 2008
942 ## - ADDED ENTRY ELEMENTS (KOHA)
Source of classification or shelving scheme
Koha item type Book
Holdings
Withdrawn status Lost status Source of classification or shelving scheme Damaged status Not for loan Permanent Location Current Location Shelving location Date acquired Serial Enumeration / chronology Total Checkouts Full call number Barcode Date last seen Copy number Price effective from Koha item type
          Central Library (CL) Central Library (CL) Fiction 07/26/2017 Vol. 2   920.5494 SHA CL2789 07/26/2017 1 07/26/2017 Book
© 2023 Central Library, National University of Sciences and Technology. All Rights Reserved.